České zboží na trhu USA

USA patria v posledných rokoch medzi desať najväčších odberateľov českého tovaru. Prehľad tovarových položiek českého vývozu do USA.

Salvato in:
Dettagli Bibliografici
Autore principale: Straka, Miloš
Natura: Capitolo di libro
Lingua:ceco
Soggetti:
Tags: Aggiungi Tag
Nessun Tag, puoi essere il primo ad aggiungerne!!

MARC

LEADER 00000naa$a2200000$$$4500
001 0023597
005 20230908091012.9
041 0 |a cze 
044 |a CZ 
245 1 0 |a České zboží na trhu USA  |c Miloš Straka 
520 |a USA patria v posledných rokoch medzi desať najväčších odberateľov českého tovaru. Prehľad tovarových položiek českého vývozu do USA. 
610 2 0 |a vývoz 
610 2 0 |a Česko 
610 2 0 |a USA 
610 2 0 |a komodity 
610 2 0 |a bilancia obchodná 
100 1 |a Straka, Miloš